Statistiken für Disney Prinzen Quiz

Klicken Sie hier um das Quiz zu spielen!

Allgemein

  • Dieses Quiz wurde 1.601 mal gespielt
    (1.359 seit der letzten Aktualisierung)
  • Das Durchschnittsergebnis liegt bei 9 aus 15

Antwortstatistiken

HintAntwort% Korrekt
SimbaDer König der Löwen
98%
HadesHercules
87%
HansDie Eiskönigin – Völlig unverfroren
82%
Flynn RiderRapunzel – Neu verföhnt
82%
ErikArielle, die Meerjungfrau
70%
AchmedAladdin
63%
Milo ThatchAtlantis – Das Geheimnis der verlorenen Stadt
51%
Mor'duMerida – Legende der Highlands
50%
CharmingCinderella
49%
NaveenKüss den Frosch
47%
PhillippDornröschen
43%
JohnRobin Hood
43%
Der PrinzSchneewittchen und die sieben Zwerge
40%
AdamDie Schöne und das Biest
27%
EdwardVerwünscht
21%

Verteilung der Resultate

Perzentil nach korrekt beantworteten Fragen

Anzahl Personen mit jedem Resultat

Ihre Resultats-Entwicklung

Sie haben dieses Quiz seit der letzten Aktualisierung nicht gespielt